Statistics for Countries With The Strongest Military Power By Continent

Click here to take the quiz!

General Stats

  • This quiz has been taken 69 times
  • The average score is 25 of 27

Answer Stats

RankCountry% Correct
31Canada
98%
5France
98%
26Mexico
98%
2Russia
98%
7United Kingdom
98%
1United States
98%
10Brazil
97%
3China
97%
25Argentina
95%
41Colombia
95%
4India
95%
36Chile
93%
12Egypt
93%
11Italy
93%
9Japan
93%
33South Africa
93%
16Australia
92%
64Cuba
92%
103New Zealand
92%
6South Korea
92%
37Nigeria
90%
8Pakistan
88%
52Venezuela
88%
27Algeria
85%
55Morocco
85%
15Poland
83%
92Honduras
80%

Score Distribution

Percentile by Number Answered

Percent of People with Each Score

Your Score History

You have not taken this quiz